000 00309nam a22001457a 4500
008 210310b ||||| |||| 00| 0 eng d
020 _a9780072326673
041 _aeng
080 _25th
_a611
082 _a611
100 _a6
101 _aANA
245 _aHuman Anatomy
_cGraaff,K.V.D
942 _2udc
_cBK
999 _c56199
_d56199